00792nam a2200241 a 450000100060000000300090000600800410001504000280005608200160008410000270010024500290012726000280015630000110018449000300019559000210022565000310024665000300027765000350030765000280034294200120037099900170038295201510039919210CO-ViMGA141112s2004 ck r 000 u spa d aCO-ViMGAbspacCO-ViMGA04a136.7 R877d1 aRutter, Michael92759110aLa deprivación materna aMadrid : bMorata; 1990 a281 p. aLa psicologia y el niño aPrecio : 90.00014aDEPRIVACION MATERNA92759214aPSICOLOGIA INFANTIL9163114aPSICOPATOLOGIA INFANTIL91035314aVINCULO MATERNAL927593 2ddccBK c28372d28372 00102ddc40708003aMEVIECARbMEVIECARd2015-12-04hVolumen. 1 | 11/jun/2009l0o136.7 R877d p19210r2015-12-04 00:00:00tEj. 1w2015-12-04yBK